Fishes, amphibians and reptiles. Clicking - Statistics

General Stats
  • This quiz has been taken 8 times
  • The average score is 19 of 52
Answer Stats
Hint Answer % Correct
Onchorhynchus mykiss
75%
Salvelinus fontinalis
50%
Coregonus albula
50%
Anguilla anguilla
50%
Lampetra planeri
50%
Esox lucius
50%
Bufo bufo
50%
Natrix natrix
50%
Clupea sprattus
38%
Leuciscus leuciscus
38%
Alburnus alburnus
38%
Salvelinus namaycush
38%
Abramis brama
38%
Carassius carassius
38%
Cottus poecilopus
38%
Gadus morhua
38%
Coregonus lavaretus
38%
Vipera berus
38%
Nerophis ophidion
38%
Pungitius pungitius
38%
Osmerus eperlanus
38%
Rutilus rutilus
38%
Rana temporaria
38%
Salmo trutta
38%
Sander lucioperca
38%
Rana arvalis
38%
Zoarces viviparus
38%
Abramis bjoerkna
38%
Anguis fragilis
38%
Clupea harengus membras
38%
Salvelinus alpinus
38%
Gasterosteus aculeatus
38%
Lota lota
38%
Gymnocephalus cernuus
38%
Tinca tinca
38%
Leuciscus idus
38%
Myoxocephalus quadricornis
38%
Perca fluviatilis
38%
Scophthalmus maximus
38%
Barbatula barbatula
38%
Thymallus thymallus
25%
Cottus gobio
25%
Zootoca vivipara
25%
Platichthys flesus
25%
Pomatoschistus minutus
25%
Lampetra fluviatilis
25%
Myoxocephalus scorpius
25%
Salmo salar
25%
Ammodytes tobianus
25%
Phoxinus phoxinus
25%
Scardinius erythrophthalmus
25%
Lissotriton vulgaris
25%
No matching quizzes found
Score Distribution
Percent of People with Each Score
Percentile by Number Answered
Your Score History
You have not taken this quiz